Los contratos de crédito / (Record no. 144073)

MARC details
000 -LEADER
campo de control de longitud fija 00703nam a2200193 i 4500
001 - NÚMERO DE CONTROL
campo de control 144073
003 - IDENTIFICADOR DE NÚMERO DE CONTROL
campo de control ES-MaACL
005 - FECHA Y HORA DE LA ÚLTIMA TRANSACCIÓN
campo de control 20230906200934.0
007 - CAMPO FIJO DE DESCRIPCIÓN FÍSICA--INFORMACIÓN GENERAL
campo de control de longitud fija t|
008 - DATOS DE LONGITUD FIJA--INFORMACIÓN GENERAL
campo de control de longitud fija 070214s1958 sp r ||||1| spa d
100 1# - ENTRADA PRINCIPAL--NOMBRE DE PERSONA
Nombre de persona Simonetto, Ernesto.
9 (RLIN) 106576
245 14 - MENCIÓN DEL TÍTULO
Título Los contratos de crédito /
Mención de responsabilidad, etc. Ernesto Simonetto ; traducción de Juan Martínez Valencia ; y notas de Derecho español por Juan V. Fuentes Lojo.
260 ## - PUBLICACIÓN, DISTRIBUCIÓN, ETC.
Lugar de publicación, distribución, etc. Barcelona :
Nombre del editor, distribuidor, etc. J. Mª Bosch,
Fecha de publicación, distribución, etc. 1958 (
Fabricante Viuda de Daniel Cochs)
300 ## - DESCRIPCIÓN FÍSICA
Extensión 515 p. ;
Dimensiones 22 cm.
650 #4 - PUNTO DE ACCESO ADICIONAL DE MATERIA--TÉRMINO DE MATERIA
Término de materia o nombre geográfico como elemento de entrada Contratos bancarios-
Subdivisión geográfica España.
9 (RLIN) 162590
700 1# - ENTRADA AGREGADA--NOMBRE PERSONAL
Nombre de persona Martínez Valencia, Juan.
9 (RLIN) 78461
700 1# - ENTRADA AGREGADA--NOMBRE PERSONAL
Nombre de persona Fuentes Lojo, Juan V.
9 (RLIN) 52932
852 ## - LOCALIZACIÓN
Ubicación ES-MaACL
Número de control de estantería C-15745
Sublocalización o colección R.43528
Holdings
Estatus retirado Estado de pérdida Estado de daño No para préstamo Biblioteca de origen Biblioteca actual Ubicación en estantería Fecha de adquisición Fuente de adquisición Total de préstamos Signatura topográfica completa Código de barras Visto por última vez Precio de reemplazo Tipo de ítem Koha
        Biblioteca del Ateneo de Madrid Biblioteca del Ateneo de Madrid Ficheros 17/01/2008     C-15745 1149897 23/02/2023 23/02/2023 Libro impreso